Tribhuvan University Central Library

Super substarm related signatures at middle and low latitude ionosphere (Record no. 106309)

MARC details
000 -LEADER
fixed length control field 00511nam a22001577a 4500
008 - FIXED-LENGTH DATA ELEMENTS--GENERAL INFORMATION
fixed length control field 230103b |||||||| |||| 00| 0 eng d
082 ## - DEWEY DECIMAL CLASSIFICATION NUMBER
Classification number D 551.561/P392s
100 ## - MAIN ENTRY--PERSONAL NAME
Personal name Pandit, Drabindra
245 ## - TITLE STATEMENT
Title Super substarm related signatures at middle and low latitude ionosphere
260 ## - PUBLICATION, DISTRIBUTION, ETC.
Place of publication, distribution, etc. Kathmandu:
Name of publisher, distributor, etc. TU, Institute of Science and Technology,
Date of publication, distribution, etc. 2022
300 ## - PHYSICAL DESCRIPTION
Other physical details xx,181p.;illus.
502 ## - DISSERTATION NOTE
Dissertation note Thesis (Ph.D. in Physics), TU
504 ## - BIBLIOGRAPHY, ETC. NOTE
Bibliography, etc. note Bibliography: p.150-176
650 ## - SUBJECT ADDED ENTRY--TOPICAL TERM
Topical term or geographic name entry element Ionization
942 ## - ADDED ENTRY ELEMENTS (KOHA)
Source of classification or shelving scheme Dewey Decimal Classification
Koha item type Theses and Dissertations
Holdings
Withdrawn status Lost status Source of classification or shelving scheme Damaged status Not for loan Home library Current library Date acquired Total Checkouts Full call number Barcode Date last seen Price effective from Koha item type
    Dewey Decimal Classification     Tribhuvan University Central Library Tribhuvan University Central Library 01/03/2023   551.561/P392s D14396 01/03/2023 01/03/2023 Theses and Dissertations